| 000 | 00959cam a2200289 a 4500 | ||
|---|---|---|---|
| 001 | 1090293 | ||
| 003 | OSt | ||
| 005 | 20140310182257.0 | ||
| 008 | 920205s1992 nyub 000 1 eng | ||
| 010 | _a 92052565 | ||
| 020 |
_a9780712638579 _c$20.00 |
||
| 040 |
_aDLC _cDLC _dDLC _dOCoLC |
||
| 043 | _af-ua--- | ||
| 050 | 0 | 0 |
_aPR 6054.E37 _b.D368 1991 |
| 082 | 0 | 0 |
_aFIC _bD36c 1991 |
| 100 | 1 |
_aDeighton, Len, _d1929- _920439 |
|
| 245 | 1 | 0 |
_aCity of gold / _cLen Deighton. |
| 250 | _a1st ed. | ||
| 260 |
_aNew York : _bHarperCollins Publishers, _cc1992. |
||
| 300 |
_a375 p. : _bmaps ; _c25 cm. |
||
| 650 | 0 |
_aWorld War, 1939-1945 _zEgypt _zCairo _xFiction. _920440 |
|
| 655 | 7 |
_aSpy stories. _2gsafd _94765 |
|
| 906 |
_a7 _bcbc _corignew _d1 _eocip _f19 _gy-gencatlg |
||
| 942 |
_2lcc _cBK-FIC _kFIC |
||
| 999 |
_c11505 _d11505 |
||